| 000 -LEADER |
| fixed length control field |
00913nam a22001937a 4500 |
| 003 - CONTROL NUMBER IDENTIFIER |
| control field |
OSt |
| 005 - DATE AND TIME OF LATEST TRANSACTION |
| control field |
20250127104848.0 |
| 008 - FIXED-LENGTH DATA ELEMENTS--GENERAL INFORMATION |
| fixed length control field |
250127b ||||| |||| 00| 0 eng d |
| 020 ## - INTERNATIONAL STANDARD BOOK NUMBER |
| International Standard Book Number |
9780340966051 |
| 040 ## - CATALOGING SOURCE |
| Transcribing agency |
KH8 |
| 082 ## - DEWEY DECIMAL CLASSIFICATION NUMBER |
| Classification number |
500 MOR |
| 100 ## - MAIN ENTRY--PERSONAL NAME |
| Personal name |
Morrison, Karen, |
| Relator term |
author. |
| 245 ## - TITLE STATEMENT |
| Title |
International Science : |
| Remainder of title |
Coursebook 2 / |
| Statement of responsibility, etc. |
Karen Morrison. |
| 260 ## - PUBLICATION, DISTRIBUTION, ETC. |
| Place of publication, distribution, etc. |
UK ; |
| Name of publisher, distributor, etc. |
Hodder Education , |
| Date of publication, distribution, etc. |
2017. |
| 300 ## - PHYSICAL DESCRIPTION |
| Extent |
157 pages : |
| Other physical details |
color illustrations ; |
| Dimensions |
28 cm. |
| 520 ## - SUMMARY, ETC. |
| Summary, etc. |
The second book in a three-level science series covering the lower secondary grades and designed for children in English-medium schools, for whom English is not the first language.<br/>* Dedicated ESL Science course designed for lower secondary students<br/><br/>* Perfect preparation for the IGCSE and equivalent courses<br/><br/>* Full-colour and well-illustrated to suit global market requirements |
| 650 ## - SUBJECT ADDED ENTRY--TOPICAL TERM |
| Topical term or geographic name entry element |
Science |
| Form subdivision |
Coursebook |
| 942 ## - ADDED ENTRY ELEMENTS (KOHA) |
| Source of classification or shelving scheme |
|
| Koha item type |
Books - Non Ficton |